| 000 | 01210cam a2200361 a 4500 | ||
|---|---|---|---|
| 999 |
_c346 _d346 |
||
| 001 | 012260915 | ||
| 003 | UkOxU | ||
| 005 | 20210611122106.0 | ||
| 008 | 890420t19861984nyu b 001 0 eng d | ||
| 020 | _a0061320587 (pbk.) | ||
| 035 | _a(OCoLC)ocm19577243 | ||
| 040 |
_aKPS _cKPS _dGND _dMRY |
||
| 050 |
_aE841 _b.M33 1986 |
||
| 090 |
_aE841 _b.M33 1986 |
||
| 092 | _a973.92 | ||
| 100 | 1 | 0 | _aMatusow, Allen J. |
| 245 | 1 | 4 |
_aThe unraveling of America : _ba history of liberalism in the 1960s / _cAllen J. Matusow. |
| 250 | _a1st Harper Torchbooks ed. | ||
| 260 |
_aNew York ; _aLondon : _bHarper & Row, _c1986, c1984. |
||
| 300 |
_axv, 542 p. ; _c22 cm. |
||
| 490 | 1 | _aNew American nation series | |
| 500 | _a"Harper Torchbooks." | ||
| 500 | _aIncludes index. | ||
| 504 | _aBibliography: p. 441-520. | ||
| 650 | 0 |
_aLiberalism _zUnited States _xHistory _y20th century. |
|
| 651 | 0 |
_aUnited States _xPolitics and government _y1961-1963. |
|
| 651 | 0 |
_aUnited States _xPolitics and government _y1963-1969. |
|
| 830 | 0 | _aNew American nation series. | |
| 942 |
_2lcc _cBK _nSO |
||